00429nam a2200121Ia 4500008004100000100001900041245008600060245003800146260004800184260001400232650002700246856003400273160809s9999 xx 000 0 und d aLaib, Lakhdar. aEfficient Approach for Content Based Image Retrieval Using Multiple SVM in YACBIR cLakhdar LAIB and Samy Ait-Aoudia. bComputer Science and Information Technology cJune 2016 xINFORMATION TECHNOLOGY uhttp://airccse.org/V6N55.html